Turbulence (Record no. 5373)

000 -LEADER
fixed length control field 00511nam a2200205 i 4500
001 - CONTROL NUMBER
control field 5373
003 - CONTROL NUMBER IDENTIFIER
control field BD-DhUET
008 - FIXED-LENGTH DATA ELEMENTS--GENERAL INFORMATION
fixed length control field 750220s1975 nyua b 001 0 eng
020 ## - INTERNATIONAL STANDARD BOOK NUMBER
International Standard Book Number 0070290377
040 ## - CATALOGING SOURCE
Original cataloging agency DLC
Transcribing agency DLC
Modifying agency BD-DhUET
082 00 - DEWEY DECIMAL CLASSIFICATION NUMBER
Classification number 532.56
Item number HIN/1975
100 1# - MAIN ENTRY--PERSONAL NAME
Personal name Hinze, J. O.
245 00 - TITLE STATEMENT
Title Turbulence
250 ## - EDITION STATEMENT
Edition statement 2nd ed.
260 ## - PUBLICATION, DISTRIBUTION, ETC. (IMPRINT)
Place of publication, distribution, etc. New York
Name of publisher, distributor, etc. McGraw-Hill
Date of publication, distribution, etc. 1975
300 ## - PHYSICAL DESCRIPTION
Extent x,790p.
Other physical details ill.
Dimensions 24 cm.
490 0# - SERIES STATEMENT
Series statement McGraw-Hill series in mechanical engineering
650 #0 - SUBJECT ADDED ENTRY--TOPICAL TERM
Topical term or geographic name as entry element Turbulence
942 ## - ADDED ENTRY ELEMENTS (KOHA)
Koha item type General Book
Holdings
Koha issues (times borrowed) Koha normalized classification for sorting Shelving location Location (home branch) Copy number Price effective from Koha item type Sublocation or collection (holding branch) Date acquired Not for loan Koha date last seen Damaged status Withdrawn status Koha full call number Source of classification or shelving scheme Lost status Koha date last borrowed Piece designation (barcode)
 532_560000000000000_HIN_1975Circulation sectionCentral Library, BUET12014-11-26General BookCentral Library, BUET2014-11-26 2014-11-26  532.56/HIN/1975   63813
 532_560000000000000_HIN_1975Circulation sectionCentral Library, BUET22014-11-26General BookCentral Library, BUET2014-11-26 2014-11-26  532.56/HIN/1975   63816
 532_560000000000000_HIN_1975Circulation sectionCentral Library, BUET32014-12-07General BookCentral Library, BUET2014-12-07 2014-12-07  532.56/HIN/1975   44334
 532_560000000000000_HIN_1975Circulation sectionCentral Library, BUET42014-12-07General BookCentral Library, BUET2014-12-07 2014-12-07  532.56/HIN/1975   63807
1532_560000000000000_HIN_1975Circulation sectionCentral Library, BUET52014-12-07General BookCentral Library, BUET2014-12-07 2015-03-29  532.56/HIN/1975  2015-03-2563812
 532_560000000000000_HIN_1975Circulation sectionCentral Library, BUET62014-12-07General BookCentral Library, BUET2014-12-07 2014-12-07  532.56/HIN/1975   63805
 532_560000000000000_HIN_1975Circulation sectionCentral Library, BUET72014-12-07General BookCentral Library, BUET2014-12-07 2014-12-07  532.56/HIN/1975   63810
 532_560000000000000_HIN_1975Circulation sectionCentral Library, BUET82014-12-07General BookCentral Library, BUET2014-12-07 2014-12-07  532.56/HIN/1975   63808
 532_560000000000000_HIN_1975Circulation sectionCentral Library, BUET92014-12-07General BookCentral Library, BUET2014-12-07 2014-12-07  532.56/HIN/1975   63809
1532_560000000000000_HIN_1975Circulation sectionCentral Library, BUET102014-12-07General BookCentral Library, BUET2014-12-07 2023-02-28  532.56/HIN/1975  2022-11-1463806
1532_560000000000000_HIN_1975Circulation sectionCentral Library, BUET112014-12-07General BookCentral Library, BUET2014-12-07 2015-09-14  532.56/HIN/1975  2015-05-2663815
 532_560000000000000_HIN_1975Circulation sectionCentral Library, BUET122015-03-09General BookCentral Library, BUET2015-03-09 2015-03-09  532.56/HIN/1975   39158
 532_560000000000000_HIN_1975Reading sectionCentral Library, BUET132015-06-07Reading ItemCentral Library, BUET2015-06-07 2015-06-07  532.56/HIN/1975   58968
 532_560000000000000_HIN_1975Reading sectionCentral Library, BUET142015-06-07Reading ItemCentral Library, BUET2015-06-07 2015-06-07  532.56/HIN/1975   60653
 532_560000000000000_HIN_1975Reading sectionCentral Library, BUET152015-06-23Reading ItemCentral Library, BUET2015-06-23 2015-06-23  532.56/HIN/1975   52729
1532_560000000000000_HIN_1975Circulation sectionCentral Library, BUET162024-11-16General BookCentral Library, BUET1985-06-29 2024-11-27  532.56 HIN/1975  2024-11-2763811
 532_560000000000000_HIN_1975 Central Library, BUET 2024-11-16General BookCentral Library, BUET2024-11-16 2024-11-16  532.56 HIN/1975    
 532_560000000000000_HIN_1975Circulation sectionCentral Library, BUET182024-11-16General BookCentral Library, BUET2025-09-03 2024-11-16  532.56 HIN/1975   39159